Statistics for MLB teams by stadium

Click here to take the quiz!

General Stats

  • This quiz has been taken 57 times
  • The average score is 26 of 30

Answer Stats

StadiumTeam% Correct
Fenway ParkRed Sox
100%
Yankee StadiumYankees
100%
_______ Stadium Of AnaheimAngels
98%
Oakland ColiseumAthletics
98%
Wrigley FieldCubs
96%
Marlins ParkMarlins
96%
_______ Park at Camden YardsOrioles
96%
Tropicana FieldRays
94%
Nationals ParkNationals
92%
Rogers CentreBlue Jays
90%
Dodgers StadiumDodgers
90%
Globe Life Park In ArlingtonRangers
90%
Target FieldTwins
90%
Millers ParkBrewers
88%
Citi FieldMets
88%
Coors FieldRockies
88%
Comerica ParkTigers
88%
Busch StadiumCardinals
86%
Progressive FieldIndians
86%
Kauffman StadiumRoyals
86%
Minute Maid ParkAstros
84%
Pecto ParkPadres
82%
T-Mobile ParkMariners
80%
Guaranteed Rate FieldWhite Sox
78%
Truist ParkBraves
76%
Chase FieldDiamondbacks
76%
PNC ParkPirates
73%
Citizens Bank ParkPhillies
71%
Great American BallparkReds
67%
AT&T ParkGiants
65%

Score Distribution

Percentile by Number Answered

Percent of People with Each Score

Your Score History

You have not taken this quiz